NFL Teams by Records - Statistics

General Stats
  • This quiz has been taken 47 times
  • The average score is 13 of 32
Answer Stats
2023 2022 2021 2020 2019 Team % Correct
12-5 12-5 12-5 6-10 8-8 Dallas Cowboys
78%
4-13 8-8-1 7-10 7-9 3-13 Washington Commanders
67%
11-6 14-3 12-5 14-2 12-4 Kansas City Chiefs
53%
2-15 7-10 5-12 5-11 5-11 Carolina Panthers
50%
11-6 13-3 11-6 13-3 10-6 Buffalo Bills
47%
4-13 8-9 10-7 7-9 12-4 New England Patriots
47%
10-7 9-8 9-7-1 12-4 8-8 Pittsburgh Steelers
47%
9-8 12-4 10-7 4-11-1 2-14 Cincinnati Bengals
44%
12-5 9-8 3-13-1 5-11 3-12-1 Detroit Lions
44%
13-4 10-7 8-9 11-5 14-2 Baltimore Ravens
42%
12-5 13-4 10-7 6-10 13-3 San Francisco 49ers
42%
4-13 4-13 11-6 8-8 5-10-1 Arizona Cardinals
39%
9-8 9-8 3-14 1-15 6-10 Jacksonville Jaguars
39%
5-12 10-7 9-8 7-9 5-11 Los Angeles Chargers
39%
11-6 9-8 9-8 10-6 5-11 Miami Dolphins
39%
11-6 14-3 9-8 4-11-1 9-7 Philadelphia Eagles
39%
7-10 3-14 6-11 8-8 8-8 Chicago Bears
36%
8-9 5-12 7-10 5-11 7-9 Denver Broncos
36%
9-8 8-9 13-4 13-3 13-3 Green Bay Packers
36%
10-7 3-13-1 4-13 4-12 10-6 Houston Texans
36%
10-7 5-12 12-5 10-6 9-7 Los Angeles Rams
36%
9-8 8-9 13-4 11-5 7-9 Tampa Bay Buccaneers
36%
11-6 7-10 8-9 11-5 6-10 Cleveland Browns
33%
9-8 4-12-1 9-8 11-5 7-9 Indianapolis Colts
33%
9-8 7-10 9-8 12-4 13-3 New Orleans Saints
33%
7-10 7-10 4-13 2-14 7-9 New York Jets
33%
7-10 7-10 7-10 4-12 7-9 Atlanta Falcons
31%
8-9 6-11 10-7 8-8 7-9 Las Vegas Raiders
31%
6-11 9-7-1 4-13 6-10 4-12 New York Giants
31%
9-8 9-8 7-10 12-4 11-5 Seattle Seahawks
31%
6-11 7-10 12-5 11-5 9-7 Tennessee Titans
31%
7-10 13-4 8-9 7-9 10-6 Minnesota Vikings
28%
No matching quizzes found
Score Distribution
Percent of People with Each Score
Percentile by Number Answered
Your Score History
You have not taken this quiz